000 00442 a2200121 4500
020 _a0201529831
920 _a0-201-52983-1
100 1 _aLamport, Leslie.
_eAutor
245 0 _aLATEX :
_bA Document Preparation System User's Guide and Reference Manual /
_cLamport Leslie.
250 _a2nd edition.
710 2 _aAddison-Wesley Publishing Company.
_eWydawca
_4pbl
260 _aReading, Massachusetts :
_bAddison-Wesley,
_c1994.
300 _aXVI, 272 s.:
_bil.;
_c23 cm.
999 _c706
_d706